00402nam a2200145Ia 4500008004100000020001500041041001200056082001600068100001400084245007900098260003600177300000800213650001600221700001900237221030s9999 xx 000 0 und d a9814053198 aEnglish a105.23bAho aA. V. Aho 4aThe Design & Analysis Of Computer Algorithmscby A. V. Aho, J. E. Hopcroft bAddison WesleyaNew Delhic1999 a470 aBE Computer aJ. E. Hopcroft